000 00420nam a2200157Ia 4500
008 230711s9999||||xx |||||||||||||| ||und||
041 _aENG
082 _a624
_bKO-M
100 _aKoenigsberger O.H
245 0 _aManual of tropical housing climate design and building
250 _a1st . Ed.
260 _c1998
_aNew Delhi
_bOrient Logman,PVt.ltd
650 _aArchitecture
700 _aIngersoll,T G  
942 _cBK
999 _c3762
_d3762